|
|
|
|
| LEADER |
00000nab a2200000 a 4500 |
| 001 |
vtls000299008 |
| 003 |
SK-MaSNL |
| 005 |
20260304063108.0 |
| 008 |
250422c1986 xo 0 slo |
| 015 |
|
|
|a SNBRA19rr/mm-uuuuu
|
| 035 |
|
|
|a CL0309127
|
| 035 |
|
|
|a (urnnbn)urn:nbn:sk:snk:ar-0068j3
|
| 035 |
|
|
|a (uuid)2ebe724e-a3d2-4212-91a9-61f83613ded5
|
| 035 |
|
|
|a urn:nbn:sk:snk-ab84a6
|
| 040 |
|
|
|a SNKBUCL
|b slo
|c SNKBUCL
|e AACR2
|
| 041 |
0 |
|
|a eng
|
| 044 |
|
|
|a xo
|c SK
|
| 080 |
|
|
|a 517.521:517.58
|2 1981
|
| 080 |
|
|
|a 517.58
|2 1981
|
| 100 |
1 |
|
|a Strauch, Oto,
|d 1943-
|4 aut
|9 39872
|
| 245 |
1 |
0 |
|a Some new criterions for sequences which satisfy Duffin-Schaeffer conjecture, 3
|c Oto Strauch
|
| 300 |
|
|
|b Res. slov., rus., lit. 10 zázn. v angl.
|
| 650 |
0 |
7 |
|a postupnosti (mat.)
|2 snkbucl
|9 979232
|
| 655 |
|
7 |
|a články zo zborníkov
|2 snkbucl
|9 166140
|
| 773 |
0 |
|
|t Acta mathematica Universitatis Comenianae 48-49
|d Bratislava : Alfa, 1986
|g S. 37-50
|
| 850 |
|
|
|a Slovenská národná knižnica
|
| 852 |
|
|
|a Slovenská národná knižnica
|
| 958 |
|
|
|a article9
|
| 958 |
|
|
|a OND
|
| 958 |
|
|
|a NB
|
| 958 |
|
|
|a RK
|
| 958 |
|
|
|a EUIPO
|
| 992 |
|
|
|a RZB
|
| 999 |
|
|
|c 2741021
|d 2742951
|